Statistics for Top 10 Norwegians PL scorers

Click here to take the quiz!

General Stats

  • This quiz has been taken 27 times
  • The average score is 5 of 10

Answer Stats

HintAnswer% Correct
91Solskjaer
95%
21King
75%
38Carew
65%
38Flo
65%
21Riise
60%
34Pedersen
40%
40Iversen
35%
30Leonhardsen
20%
29Ostenstad
20%
28Fjortoeft
0%

Score Distribution

Percentile by Number Answered

Percent of People with Each Score

Your Score History

You have not taken this quiz